Применение символических элементов археологических находок Абхазии в дизайне современных кованых изделий; Современные техника и технологии; Т. 3

التفاصيل البيبلوغرافية
Parent link:Современные техника и технологии: сборник трудов XVI Международной научно-практической конференции студентов, аспирантов и молодых ученых, Томск, 12-16 апреля 2010 г/ Национальный исследовательский Томский политехнический университет (ТПУ).— , 2010
Т. 3.— 2010.— [С. 291-292]
المؤلف الرئيسي: Шляхтина М. П.
مؤلفون آخرون: Соколова М. Л. (научный руководитель)
الملخص:Заглавие с титульного листа
Электронная версия печатной публикации
اللغة:الروسية
منشور في: 2010
الموضوعات:
الوصول للمادة أونلاين:http://www.lib.tpu.ru/fulltext/c/2010/C01/V1/137.pdf
التنسيق: الكتروني فصل الكتاب
KOHA link:https://koha.lib.tpu.ru/cgi-bin/koha/opac-detail.pl?biblionumber=236311

MARC

LEADER 00000naa2a2200000 4500
001 236311
005 20260414143723.0
035 |a (RuTPU)RU\TPU\book\257471 
035 |a RU\TPU\book\257468 
090 |a 236311 
100 |a 20130422d2010 k y0rusy50 ca 
101 0 |a rus 
102 |a RU 
135 |a drnn ---uucaa 
181 0 |a i  
182 0 |a b 
200 1 |a Применение символических элементов археологических находок Абхазии в дизайне современных кованых изделий  |f М. П. Шляхтина  |g науч. рук. М. Л. Соколова 
203 |a Текст  |c электронный 
215 |a 1 файл (690 Кб) 
300 |a Заглавие с титульного листа 
300 |a Электронная версия печатной публикации 
337 |a Adobe Reader 
461 1 |0 (RuTPU)RU\TPU\book\245271  |t Современные техника и технологии  |o сборник трудов XVI Международной научно-практической конференции студентов, аспирантов и молодых ученых, Томск, 12-16 апреля 2010 г  |o в 3 т.  |f Национальный исследовательский Томский политехнический университет (ТПУ)  |d 2010 
463 1 |0 (RuTPU)RU\TPU\book\255783  |t Т. 3  |v [С. 291-292]  |d 2010 
610 1 |a электронный ресурс 
610 1 |a археологические находки 
610 1 |a символика 
610 1 |a Абхазия 
610 1 |a применение 
610 1 |a кованые изделия 
610 1 |a художественные металлы 
700 1 |a Шляхтина  |b М. П. 
702 1 |a Соколова  |b М. Л.  |4 727 
801 1 |a RU  |b 63413507  |c 20130213 
801 2 |a RU  |b 63413507  |c 20130522  |g RCR 
856 4 |u http://www.lib.tpu.ru/fulltext/c/2010/C01/V1/137.pdf 
942 |c CF